A study of 3PL service providers in India in 2014 / (Record no. 27176)

MARC details
000 -LEADER
fixed length control field 00470nam a2200145Ia 4500
008 - FIXED-LENGTH DATA ELEMENTS--GENERAL INFORMATION
fixed length control field 211220s9999 xx 000 0 eng d
041 ## - LANGUAGE CODE
Language code of text/sound track or separate title English
082 ## - DEWEY DECIMAL CLASSIFICATION NUMBER
Classification number RR.0304
100 ## - MAIN ENTRY--PERSONAL NAME
Personal name Rajesh, R.
Affiliation Noorul Islam University
-- Kumaracoil
245 #2 - TITLE STATEMENT
Title A study of 3PL service providers in India in 2014 /
Statement of responsibility, etc. R. Rajesh
260 ## - PUBLICATION, DISTRIBUTION, ETC.
Place of publication, distribution, etc. New Delhi :
Name of publisher, distributor, etc. Indian Council oF Social Science Research,
300 ## - PHYSICAL DESCRIPTION
Extent 76p.
536 ## - FUNDING INFORMATION NOTE
Text of note Indian Council of Social Science Research
942 ## - ADDED ENTRY ELEMENTS (KOHA)
Koha item type Research Reports
Holdings
Withdrawn status Lost status Source of classification or shelving scheme Damaged status Not for loan Collection code Home library Current library Source of acquisition Total Checkouts Full call number Barcode Date last seen Price effective from Koha item type Date acquired
    Dewey Decimal Classification   Not For Loan ICSSR Research Project Reports NASSDOC Library NASSDOC Library Gifted by: RP Division ICSSR   RR.0304 51831 20/12/2021 06/12/2021 Research Reports  
    Dewey Decimal Classification       NASSDOC Library NASSDOC Library     RR.0304   27/12/2021 27/12/2021 Research Reports 27/12/2021